000
00260nam a2200097Ia 4500
001
647617
005
20250826153706.0
008
250824s9999 xx 000 0 und d
245
0
_a
EV SAHİBESİ ANTİK YENİ
_c
DOSTOYEVSKİ
260
_b
ANTİK DÜNYA KLASİKLERİ
999
_c
647617
_d
647617